Paroles - Toute première fois - Jeanne Mas - Statistiques

Statistiques générales
  • Ce quiz a été pris 32 fois
  • Le résultat moyen est 140 sur 193
Statistiques - réponses
Paroles % Correct
fois
100%
fois)
100%
première
100%
tout
100%
Toute
100%
toute
100%
(Toute
100%
de
84%
le
84%
qui
81%
Qui
81%
Se
77%
un
77%
Un
77%
dans
74%
Dans
74%
ces
71%
que
71%
Si
71%
si
71%
des
68%
Et
68%
la
68%
Te
68%
Comme
65%
tu
61%
Une
61%
son
58%
ta
58%
Tes
55%
Ont
48%
sans
48%
Sans
48%
Ah
45%
Ah
45%
d'un
45%
peau
45%
ton
45%
l'on
42%
ne
42%
crier
39%
sur
39%
chauds
35%
continue
35%
mots
35%
pourquoi
35%
silence
35%
voudrait
35%
combat
32%
font
32%
forts
32%
Gorge
32%
mains
32%
blesse
29%
courage
29%
déchiré
29%
guerrier
29%
L'étrange
29%
masque
29%
nouée
29%
ombre
29%
rêve
29%
salées
29%
secret
29%
sourire
29%
cesse
26%
couteau
26%
d'insolence
26%
image
26%
innocence
26%
l'effet
26%
lèvres
26%
refrain
26%
cache
23%
gouttes
23%
jeu
23%
pâleur
23%
séchées
23%
souffrance
23%
fumée
19%
mêlé
19%
vague
19%
gémissaient
16%
serrent
16%
voix
16%
Qu'ils
13%
soulage
13%
trouble
13%
recherches
10%
Aucun quiz correspondant
Distribution des résultats
% des personnes avec chaque résultat
Percentile par nombre de réponses
Votre historique - résultats
Vous n’avez pas pris ce quiz